• 首页
  • 本馆介绍
  • 公告通知
  • 最新文献
  • 馆藏检索
  • 电子资源
  • 读者导购
  • 参考咨询
  • 我的图书馆
  • 登录
  • 详细信息显示
  • 放入我的书架
  • 预约/预借图书
  • 作者相关作品
  • 分类相关作品
  • 丛书相关作品
  • 出版社相关作品

书目信息

  • 表格格式
  • 工作单格式
  • 卡片格式
题名:
塑料工业知识
    
 
作者: ;晨光化工厂 编
分册:  
出版信息: 北京   燃料化学工业出版社  1972
页数: 137页
开本: 19cm
丛书名:
单 册:
中图分类: TQ32
科图分类:
主题词: 合成树脂--化学工业 , 塑料工业
电子资源:
ISBN:
000 00599nam0 2200217 45
001 0405180928
005 20040518095628.9
010    @dCNY0.29
091    @a15063.2003
100    @a20040518d1972 km y0chiy0120 ea
101 0  @achi
105    @a z 000yy
200 1  @a塑料工业知识@ASu Liao Gong Ye Zhi Shi@f晨光化工厂等编@FChen Guang Hua Gong Chang Deng Bian
210    @a北京@c燃料化学工业出版社@d1972
215    @a137页@d19cm
606 0  @a合成树脂@x化学工业
606 0  @a塑料工业
690    @aTQ32@v3
711 02 @a晨光化工厂@4编
801    @aCN@bTSTCL@c20040518
905    @f1@b11785@dTQ32@e2
    
    塑料工业知识/晨光化工厂等编.-北京:燃料化学工业出版社,1972
    137页;19cm
    
    
    ISBN :CNY0.29
    
●
相关链接 在E读中查询图书 在五车中查询图书 在当当中查询图书 在豆瓣中查询图书


正题名:塑料工业知识     索取号:TQ32/2         预约/预借

序号 登录号 条形码 馆藏地/架位号 状态 备注
1 0011784   001647230   第二样本阅览室/ [索取号:TQ32/2] 在馆    
2 0011785   001647203   第三借阅区/ [索取号:TQ32/2] 在馆    
唐山师范学院图书馆 欢迎您!
大连网信软件有限公司© 版权所有